| 000 | 00543nam a2200205 a 4500 | ||
|---|---|---|---|
| 001 | 23881 | ||
| 003 | CO-ViMGA | ||
| 008 | 141112s2004 ck r 000 u spa d | ||
| 020 | _a9788434808591 | ||
| 040 |
_aCO-ViMGA _bspa _cCO-ViMGA |
||
| 082 | 0 | 4 | _aGRIl |
| 100 | 1 | _aGripe, Maria | |
| 245 | 1 | 0 |
_aLos hijos del vidriero / _cMaria Gripe |
| 260 |
_aEspaƱa : _bediciones SM |
||
| 300 | _a191p. | ||
| 490 | _aEl barco de vapor | ||
| 500 | _aPremio has christian andersen 1974 | ||
| 650 | 1 | 4 |
_aCUENTOS INFANTILES SUECOS _934600 |
| 942 |
_2ddc _cBK |
||
| 999 |
_c31954 _d31954 |
||